| 000 | 00467nam a22001697a 4500 | ||
|---|---|---|---|
| 003 | NUST - PNEC | ||
| 005 | 20170116180947.0 | ||
| 008 | 150907b xxu||||| |||| 00| 0 eng d | ||
| 020 | _a9788179921920 | ||
| 040 | _cLIBRARY | ||
| 082 | _a629.8 LYS | ||
| 100 |
_99002 _aLyshevski, Sergey Edward |
||
| 245 |
_aControl systems theory with engineering applications _cSergey Edward Lyshevski |
||
| 260 | _c2003 | ||
| 650 |
_94628 _aControl theory _xMIS |
||
| 942 |
_2ddc _cBK |
||
| 999 |
_c66321 _d66321 |
||